000 00297nam a22001337a 4500
008 170714b xxu||||| |||| 00| 0 eng d
020 _a9780884899877
041 _aeng
080 _a16
100 _a23
101 _aFIL
245 _aTHE CATHOLIC FAITH HANDBOOK
_cTOWN.B.S
942 _2udc
_cBK
999 _c20678
_d20678